000
00338nam a2200133Ia 4500
008
240624s9999 xx 000 0 und d
041
_a
eng
082
_a
005.133 SCH
100
_a
SCHILDT HERBERT
245
_a
JAVA 2 THE COMPLETE REFERENCE
250
_a
(5th ed.)
260
_c
2003
_a
New Delhi
_b
Tata McGrawhill
300
_a
xxviii, : 1168
999
_c
3876
_d
3876